| 000 | 00726nam a2200229 a 4500 | ||
|---|---|---|---|
| 999 |
_c1518 _d1518 |
||
| 001 | 1518 | ||
| 003 | BD-JhCC | ||
| 005 | 20171021113922.0 | ||
| 008 | 171021s2012 bg |||| |||| 00| 0 ben d | ||
| 020 | _a9789848964156 | ||
| 035 | _a(BD-JhCC)1518 | ||
| 040 |
_aBD-JhCC _dBD-JhCC |
||
| 041 | _aeng | ||
| 082 |
_a891.443 _bBAN 2012 |
||
| 100 | _aবন্ধ্যোপাধ্যায়, তারাশঙ্কর | ||
| 245 |
_aগণদেবতা / _cতারাশঙ্কর বন্দ্যোপাধ্যায় |
||
| 260 |
_aঢাকা : _bহাওলাদার প্রকাশনী, _c2012 |
||
| 300 |
_a288 p. : _c21 cm. |
||
| 650 | _aBengali Novel | ||
| 942 |
_2ddc _cBK |
||